[Event "South America-ch U20 Girls 13th"]
[Site "Manta"]
[Date "2017.04.27"]
[Round "5"]
[White "Guaicha Encalada, Jennifer"]
[Black "Tuarez Jimenez, Keyssie Janelle"]
[Result "1-0"]
[WhiteElo "1654"]
[BlackElo "1363"]
[PlyCount "65"]
[EventDate "2017.04.25"]
[EventType "swiss"]
[EventRounds "9"]
[EventCountry "ECU"]
[SourceTitle "CBM 178 Extra"]
[Source "ChessBase"]
[SourceDate "2017.06.22"]
[SourceVersion "1"]
[SourceVersionDate "2017.06.22"]
[SourceQuality "1"]

1. d4 Nf6 2. c4 g6 3. Nc3 Bg7 4. e4 d6 5. f3 0-0 6. Be3 Nc6 7. Nge2 a6 8. Qd2 Rb8 9. Nc1 Re8 10. Nb3 e5 11. d5 Ne7 12. Be2 b6 13. 0-0 Rf8 14. Bg5 Ne8 15. Rac1 f6 16. Be3 f5 17. Na1 f4 18. Bf2 Bb7 19. b4 c6 20. Rb1 c5 21. bxc5 bxc5 22. Rb2 Qc7 23. Rfb1 Nf6 24. Na4 Rfe8 25. Nxc5 dxc5 26. d6 Qc8 27. dxe7 Rxe7 28. Nb3 Rd7 29. Qa5 Bf8 30. Nxc5 Rc7 31. Nxa6 Re7 32. Nxb8 Qxb8 33. Qb6 1-0

[Event "Pan American-ch U12 Girls"]
[Site "Oaxtepec"]
[Date "2014.07.12"]
[Round "2"]
[White "Martinez Mesa, Chaneli"]
[Black "Guaicha Encalada, Jennifer"]
[Result "1-0"]
[WhiteElo "1691"]
[BlackElo "1209"]
[PlyCount "71"]
[EventDate "2014.07.11"]
[EventType "swiss"]
[EventRounds "9"]
[EventCountry "MEX"]
[SourceTitle "EXT 2022"]
[Source "ChessBase"]
[SourceDate "2021.10.06"]
[SourceVersion "1"]
[SourceVersionDate "2021.10.06"]
[SourceQuality "1"]

1. e4 e5 2. Nf3 Nc6 3. d4 d6 4. Bb5 a6 5. Ba4 b5 6. Bb3 Bg4 7. c3 Nf6 8. d5 Ne7 9. Bc2 h6 10. h3 Bh5 11. Nbd2 Rc8 12. 0-0 g5 13. g4 Bg6 14. a4 Bh7 15. axb5 axb5 16. Qe2 Rb8 17. Bd3 Ng6 18. Bxb5+ Ke7 19. Nb1 Nf4 20. Bxf4 gxf4 21. Bd3 Nd7 22. b4 Ke8 23. Nbd2 Rg8 24. Kh2 Qf6 25. Rg1 Be7 26. Ra7 Bd8 27. Bb5 Qg7 28. Bxd7+ Kxd7 29. Qa6 Ke7 30. Qc6 Rc8 31. c4 Kf6 32. c5 Qf8 33. cxd6 Qxd6 34. Nxe5 Qxc6 35. Nxc6 Be7 36. e5+ 1-0